| 000 | 00676nam a2200133Ia 4500 | ||
|---|---|---|---|
| 008 | 171212s9999 xx 000 0 und d | ||
| 020 | _a9780271061924 | ||
| 100 | _aHorowitz, Sarah | ||
| 245 |
_cHorowitz, Sarah _aFriendship and Politics in Post-Revolutionary France |
||
| 260 |
_bPennsylvania State University Press _c2013 |
||
| 650 | _aFriendship -- Political aspects -- France -- History -- 19th century; France -- Politics and government -- 19th century; Political culture -- France -- History -- 19th century; Politicians -- France -- Social life and customs -- 19th century; Politicians | ||
| 650 | _aHistory | ||
| 856 | _uhttp://www.jstor.org/stable/10.5325/j.ctt32b9c6 | ||
| 999 |
_c351609 _d351609 |
||